| 000 | 00416nam a2200157Ia 4500 | ||
|---|---|---|---|
| 008 | 210210b1989 xxu||||| |||| 00| 0 eng d | ||
| 082 | _a338.1 MAMA | ||
| 100 | _aMAMORIA (C B) & TRIPATHI (B B). | ||
| 245 | _aAgricultural problems of India. Rev.Ed.13 | ||
| 250 | _a | ||
| 260 |
_aND _bKitab mahal _c1989 |
||
| 300 | _a16,863 | ||
| 650 | _aAgricultural problems in India | ||
| 690 | _aAgriculture | ||
| 906 | _a044882 | ||
| 999 |
_c94435 _d94435 |
||